Obchodní jednání a národní zvyklosti: Maďarsko

Niektoré dôležité informácie a praktické rady, ktoré sú dôležité pri obchodných rokovaniach v Maďarsku. Pracovné návyky. Stolovanie. Vzťahy medzi ľuďmi. Verbálna a neverbálna komunikácia. Širší rámec kultúrnych zvyklostí.

Guardado en:
Detalles Bibliográficos
Autor principal: Lukács, Ladislav
Formato: Capítulo de libro
Lenguaje:checo
Materias:
Etiquetas: Agregar Etiqueta
Sin Etiquetas, Sea el primero en etiquetar este registro!

MARC

LEADER 00000naa a2200000 4500
001 r043476
005 20230908092053.9
041 0 |a cze 
044 |a CZ 
245 1 0 |a Obchodní jednání a národní zvyklosti: Maďarsko  |c Ladislav Lukács 
520 |a Niektoré dôležité informácie a praktické rady, ktoré sú dôležité pri obchodných rokovaniach v Maďarsku. Pracovné návyky. Stolovanie. Vzťahy medzi ľuďmi. Verbálna a neverbálna komunikácia. Širší rámec kultúrnych zvyklostí. 
610 2 0 |a rokovania obchodné 
610 2 0 |a Maďarsko 
610 2 0 |a stolovanie 
610 2 0 |a zvyklosti obchodné 
610 2 0 |a komunikácia 
100 1 |a Lukács, Ladislav